Normal view
MARC view
- Hernández, Paloma
Entry Nombre Personal
001 - NUMERO DE CONTROL
- campo de control: 59344
003 - IDENTIFICADOR DE NUMERO DE CONTROL
- campo de control: MX-MxUPN
005 - FECHA Y HORA DE LA ÜLTIMA TRANSACCIÓN
- campo de control: 20260423142808.0
008 - DATOS DE LONGITUD FIJA
- campo de control de longitud fija: 260423|| aca||aabn | aaa d
040 ## - FUENTE DE CATALOGACIÓN
- Agencia original de catalogación: MX-MxUPN
- Lenguaje de catalogación: spa
- Agencia de transcripción: MX-MxUPN
100 1# - ENCABEZAMIENTO - NOMBRE PERSONAL
- Nombre personal: Hernández, Paloma
670 ## - FUENTE EN LA QUE SE LOCALIZARON DATOS
- Cita de la fuente: Matemáticas 2: secundaria, 2008:
- Información localizada: portada (Paloma Hernández)
902 ## - CATALOGADOR
- Catalogador: Víctor Ruiz/230426
